[Event "Campionatul National de sah pe echipe m"]
[Site "Mamaia-Constanta"]
[Date "2013.09.07"]
[Round "8.3"]
[White "Ionescu, Constantin"]
[Black "Daianu, Cristian-Clement"]
[Result "0-1"]
[WhiteElo "2443"]
[BlackElo "2233"]
[PlyCount "70"]
[EventDate "2013.08.31"]
[EventRounds "9"]
[WhiteTeam "CS VICTORIA TECHIRGHIOL"]
[BlackTeam "CS OTOPENI"]

1. c4 Nf6 2. Nf3 g6 3. b4 c6 4. Bb2 d5 5. e3 Bg7 6. Na3 O-O 7. Be2 Nbd7 8. O-O
Re8 9. Rc1 Nb6 10. cxd5 Nbxd5 11. Qb3 Bd7 12. Nc4 Nc7 13. a3 Be6 14. Qc2 Nb5
15. Na5 Nd6 16. d3 Bg4 17. h3 Bxf3 18. Bxf3 e5 19. Qb3 Rc8 20. Rc2 Qe7 21. Rfc1
e4 22. Bxf6 Bxf6 23. Bxe4 Nxe4 24. dxe4 Rcd8 25. Re2 Rd7 26. Rc4 Red8 27. f4
Rd1+ 28. Kh2 Rf1 29. e5 Bxe5 30. fxe5 Qxe5+ 31. g3 Qh5 32. Rg4 Rdd1 33. Kg2
Rg1+ 34. Kf3 Qxh3 35. Rf2 Rdf1 0-1

[Event "Campionatul National de sah pe echipe m"]
[Site "Mamaia-Constanta"]
[Date "2013.09.07"]
[Round "8.4"]
[White "Dicu, Razvan-Stefan"]
[Black "Itkis, Boris"]
[Result "0-1"]
[WhiteElo "2228"]
[BlackElo "2391"]
[PlyCount "88"]
[EventDate "2013.08.31"]
[EventRounds "9"]
[WhiteTeam "CS OTOPENI"]
[BlackTeam "CS VICTORIA TECHIRGHIOL"]

1. e4 d6 2. d4 Nf6 3. Nc3 g6 4. f4 Bg7 5. Nf3 O-O 6. Bd3 Na6 7. O-O c5 8. d5
Bg4 9. h3 Bxf3 10. Qxf3 Nc7 11. a4 Rb8 12. Ne2 a6 13. a5 e6 14. c4 exd5 15.
cxd5 b5 16. axb6 Rxb6 17. Nc3 Nd7 18. Na4 Rb8 19. Rb1 Nb5 20. Bd2 Re8 21. b4
Qf6 22. Kh1 Qd4 23. Rfd1 c4 24. Be3 Qf6 25. Bxc4 Qe7 26. Bd3 f5 27. e5 dxe5 28.
Bxb5 Rxb5 29. d6 Qf7 30. Qc6 exf4 31. Bxf4 Reb8 32. Bg5 f4 33. Be7 Ne5 34. Qc7
f3 35. d7 fxg2+ 36. Kxg2 Qf3+ 37. Kh2 Qe2+ 38. Kg1 Qe3+ 39. Kg2 Qe4+ 40. Kf2
Nxd7 41. Qxd7 Rf5+ 42. Kg1 Qe3+ 43. Kg2 Qf3+ 44. Kg1 Qg3+ 0-1

[Event "Campionatul National de sah pe echipe m"]
[Site "Mamaia-Constanta"]
[Date "2013.09.07"]
[Round "8.5"]
[White "Raceanu, Valentin"]
[Black "Vasile, Claudiu-Daniel"]
[Result "1/2-1/2"]
[WhiteElo "2424"]
[BlackElo "2171"]
[PlyCount "149"]
[EventDate "2013.08.31"]
[EventRounds "9"]
[WhiteTeam "CS VICTORIA TECHIRGHIOL"]
[BlackTeam "CS OTOPENI"]

1. d4 d5 2. Nf3 Nf6 3. c4 e6 4. Nc3 Be7 5. cxd5 exd5 6. Bg5 Nbd7 7. e3 O-O 8.
Bd3 c6 9. Qc2 Re8 10. O-O Nf8 11. h3 Ne4 12. Bf4 Nxc3 13. bxc3 Bd6 14. Bxd6
Qxd6 15. Rab1 b5 16. a4 a6 17. Ra1 Bd7 18. Ne5 g6 19. Ra2 f6 20. Nf3 c5 21.
dxc5 Qxc5 22. axb5 axb5 23. Rb1 Ne6 24. Rxa8 Rxa8 25. Nd4 Nc7 26. Qb2 Kg7 27.
Qb4 Qxb4 28. cxb4 Ra4 29. Rc1 Ne6 30. Bxb5 Bxb5 31. Nxe6+ Kf7 32. Nd4 Rxb4 33.
Rc7+ Kg8 34. Rb7 Rb1+ 35. Kh2 Bd3 36. Rd7 Bc4 37. Ne6 Rb6 38. Nc7 Rb7 39. Nxd5
Bxd5 40. Rxd5 h5 41. Kg3 Kf7 42. e4 Rb4 43. f3 Rb7 44. h4 Ra7 45. Kf4 Ra2 46.
g3 Rg2 47. Rd7+ Kg8 48. g4 hxg4 49. fxg4 Rf2+ 50. Kg3 Re2 51. Kf3 Rh2 52. g5
fxg5 53. hxg5 Rh4 54. Rc7 Kf8 55. Rb7 Kg8 56. Re7 Kf8 57. Rc7 Kg8 58. Rc4 Kf7
59. Kg3 Rh1 60. Kf4 Rg1 61. Rc7+ Ke6 62. Rg7 Rf1+ 63. Ke3 Re1+ 64. Kf3 Rf1+ 65.
Ke2 Rg1 66. Rxg6+ Ke5 67. Kf2 Rg4 68. Kf3 Rf4+ 69. Kg3 Rxe4 70. Rf6 Rd4 71. Rf1
Ke6 72. g6 Ke7 73. Rf5 Rd6 74. Rg5 Kf8 75. Kg4 1/2-1/2

[Event "Campionatul National de sah pe echipe m"]
[Site "Mamaia-Constanta"]
[Date "2013.09.07"]
[Round "8.2"]
[White "Baklan, Vladimir"]
[Black "Berkes, Ferenc"]
[Result "1/2-1/2"]
[WhiteElo "2621"]
[BlackElo "2678"]
[PlyCount "49"]
[EventDate "2013.08.31"]
[EventRounds "9"]
[WhiteTeam "CS STUD. MEDICINA TIMISOARA"]
[BlackTeam "CS AEM LUXTEN TIMISOARA"]

1. e4 c6 2. d4 d5 3. e5 Bf5 4. Nf3 e6 5. Be2 Ne7 6. c3 Nd7 7. O-O c5 8. dxc5
Nxc5 9. Nd4 Bg6 10. Be3 Nd7 11. Qa4 Nc8 12. f4 Ncb6 13. Qd1 Nc4 14. Bc1 Be7 15.
g4 h6 16. b3 Na5 17. f5 Bh7 18. fxe6 fxe6 19. Bd3 Bxd3 20. Qxd3 Nxe5 21. Qe2
Bf6 22. Bf4 Nac6 23. Nxc6 Nxc6 24. Qxe6+ Ne7 25. Be5 1/2-1/2

[Event "Campionatul National de sah pe echipe m"]
[Site "Mamaia-Constanta"]
[Date "2013.09.07"]
[Round "8.3"]
[White "Lupulescu, Constantin"]
[Black "Manolache, Marius"]
[Result "1/2-1/2"]
[WhiteElo "2634"]
[BlackElo "2503"]
[PlyCount "63"]
[EventDate "2013.08.31"]
[EventRounds "9"]
[WhiteTeam "CS AEM LUXTEN TIMISOARA"]
[BlackTeam "CS STUD. MEDICINA TIMISOARA"]

1. d4 Nf6 2. c4 g6 3. Nc3 Bg7 4. e4 d6 5. h3 O-O 6. Bg5 c5 7. d5 Nbd7 8. Nf3 a6
9. a4 h6 10. Be3 Re8 11. Qd2 e6 12. Bd3 exd5 13. cxd5 c4 14. Bc2 Qa5 15. O-O g5
16. Bd4 Ne5 17. Nxe5 dxe5 18. Be3 Bd7 19. Qe2 Rac8 20. Bd2 Bf8 21. Nd1 Bb4 22.
Bxb4 Qxb4 23. a5 Rc5 24. Qf3 Kg7 25. Qc3 Rb5 26. Ra2 Qxc3 27. bxc3 Rc8 28. Ne3
Rcc5 29. Rfa1 Kf8 30. f3 Ke7 31. Kf2 Ne8 32. Ke2 1/2-1/2

[Event "Campionatul National de sah pe echipe m"]
[Site "Mamaia-Constanta"]
[Date "2013.09.07"]
[Round "8.4"]
[White "Rogozenco, Dorian"]
[Black "Parligras, Mircea-Emilian"]
[Result "1/2-1/2"]
[WhiteElo "2515"]
[BlackElo "2560"]
[PlyCount "145"]
[EventDate "2013.08.31"]
[EventRounds "9"]
[WhiteTeam "CS STUD. MEDICINA TIMISOARA"]
[BlackTeam "CS AEM LUXTEN TIMISOARA"]

1. c4 c5 2. Nf3 Nf6 3. Nc3 Nc6 4. g3 d5 5. cxd5 Nxd5 6. Bg2 g6 7. O-O Bg7 8.
Nxd5 Qxd5 9. d3 O-O 10. Be3 Bxb2 11. Rb1 Bf6 12. Qa4 Qd7 13. Qb5 Qe6 14. Qxc5
Qxa2 15. Nd2 Rd8 16. Rfe1 Qe6 17. Ne4 Bd4 18. Bxd4 Rxd4 19. Qc3 Qe5 20. Nc5 Rd6
21. Qxe5 Nxe5 22. Nxb7 Rb6 23. Na5 Rab8 24. Ra1 Ra6 25. Rec1 Bg4 26. f3 Be6 27.
f4 Rb5 28. Nc6 Rxa1 29. Nxe7+ Kf8 30. Rxa1 Nxd3 31. Nc6 Nc5 32. Nd4 Rb4 33.
Nxe6+ Nxe6 34. Rxa7 Rb2 35. Kf2 Nd4 36. Bf3 h5 37. Rd7 Nxf3 38. Kxf3 f5 39. Ke3
Ra2 40. Rc7 Rb2 41. Rd7 Ra2 42. Kf3 Rb2 43. h3 Ra2 44. Rd5 Kf7 45. Re5 Ra1 46.
e3 Rf1+ 47. Kg2 Re1 48. g4 hxg4 49. hxg4 fxg4 50. Kf2 Rh1 51. Rg5 Rh2+ 52. Kf1
Rh3 53. Ke2 Rg3 54. Kd3 Rg1 55. Ke4 Kf6 56. Ra5 Rb1 57. Rg5 Rg1 58. Kd3 Kf7 59.
Ke2 Rg3 60. e4 Kf6 61. e5+ Kf7 62. Kd2 Rg2+ 63. Ke3 Rg3+ 64. Kd4 Rg1 65. Ke4
Re1+ 66. Kd3 Rg1 67. Ke3 Rg3+ 68. Ke4 Rg1 69. Ke3 Rg3+ 70. Ke2 Rg2+ 71. Kf1 Rg3
72. Ke2 Rg2+ 73. Kf1 1/2-1/2

[Event "Campionatul National de sah pe echipe m"]
[Site "Mamaia-Constanta"]
[Date "2013.09.07"]
[Round "8.5"]
[White "Nevednichy, Vladislav"]
[Black "Ardelean, George-Catalin"]
[Result "1-0"]
[WhiteElo "2573"]
[BlackElo "2507"]
[PlyCount "135"]
[EventDate "2013.08.31"]
[EventRounds "9"]
[WhiteTeam "CS AEM LUXTEN TIMISOARA"]
[BlackTeam "CS STUD. MEDICINA TIMISOARA"]

1. e4 c5 2. Nf3 d6 3. d4 cxd4 4. Nxd4 Nf6 5. Nc3 a6 6. a4 Nc6 7. Be2 e5 8. Nf3
Be7 9. Bg5 Be6 10. O-O O-O 11. Bxf6 Bxf6 12. Nd5 Bg5 13. c3 Bh6 14. Bc4 Kh8 15.
Qe2 f5 16. exf5 Bxf5 17. Nd2 Qh4 18. g3 Qg5 19. Ne4 Qg6 20. f3 Rad8 21. Rad1
Bg5 22. b4 a5 23. bxa5 Nxa5 24. Bd3 Rf7 25. Bc2 Qh6 26. h4 Be7 27. Rf2 Nc6 28.
Qd2 Qxd2 29. Rfxd2 Bxe4 30. Bxe4 Bf8 31. Rb2 Ra8 32. Nb6 Ra6 33. Kg2 g6 34. Bd3
Ra7 35. Bb5 Rc7 36. Nc4 Na5 37. Nxd6 Bxd6 38. Rxd6 Nc4 39. Rd8+ Kg7 40. Re2 Nb6
41. g4 Ra5 42. Re4 Rxc3 43. Rxe5 Rc7 44. g5 Ra8 45. Rxa8 Nxa8 46. a5 Kf7 47.
Kg3 Rc3 48. Be8+ Kf8 49. h5 gxh5 50. Bxh5 Nc7 51. Rf5+ Kg8 52. Kg4 Rc6 53. Bf7+
Kg7 54. Bd5 Nxd5 55. Rxd5 Rc7 56. Kh5 Rf7 57. Rb5 Kg8 58. Kg4 Kg7 59. Rb6 Rc7
60. f4 Kg8 61. Rb5 Kh8 62. Kh5 Kg8 63. f5 Rd7 64. Rc5 Kg7 65. f6+ Kg8 66. g6
hxg6+ 67. Kxg6 Rg7+ 68. fxg7 1-0

[Event "Campionatul National de sah pe echipe m"]
[Site "Mamaia-Constanta"]
[Date "2013.09.08"]
[Round "9.1"]
[White "Nyzhnyk, Illya"]
[Black "Erdos, Viktor"]
[Result "1/2-1/2"]
[WhiteElo "2625"]
[BlackElo "2650"]
[PlyCount "32"]
[EventDate "2013.08.31"]
[EventRounds "9"]
[WhiteTeam "CS STUD. MEDICINA TIMISOARA"]
[BlackTeam "CLUBUL DE SAH AL MUN. BAIA MARE"]
[WhiteClock "0:00:58"]
[BlackClock "0:01:01"]

1. d4 Nf6 2. c4 e6 3. Nf3 c5 4. d5 d6 5. Nc3 exd5 6. cxd5 g6 7. e4 a6 8. a4 Bg4
9. Be2 Bg7 10. O-O O-O 11. h3 Bxf3 12. Bxf3 Nbd7 13. Re1 Re8 14. Bf4 Qc7 15. a5
Rac8 16. Qc2 c4 1/2-1/2

[Event "Campionatul National de sah pe echipe m"]
[Site "Mamaia-Constanta"]
[Date "2013.09.08"]
[Round "9.3"]
[White "Manolache, Marius"]
[Black "Vajda, Levente"]
[Result "1-0"]
[WhiteElo "2503"]
[BlackElo "2613"]
[PlyCount "61"]
[EventDate "2013.08.31"]
[EventRounds "9"]
[WhiteTeam "CS STUD. MEDICINA TIMISOARA"]
[BlackTeam "CLUBUL DE SAH AL MUN. BAIA MARE"]
[WhiteClock "0:00:12"]
[BlackClock "0:00:07"]

1. d4 Nf6 2. c4 c5 3. d5 e5 4. Nc3 d6 5. e4 Nbd7 6. g3 a6 7. Nf3 Be7 8. Nh4 g6
9. Be2 Nb6 10. h3 O-O 11. Bh6 Re8 12. Nf3 Bd7 13. a4 Bf8 14. Qc1 Bxh6 15. Qxh6
Re7 16. Qh4 Kg7 17. Nd2 Rb8 18. g4 Na8 19. g5 Ng8 20. f4 exf4 21. Qxf4 Be8 22.
O-O Nc7 23. Rf2 b5 24. axb5 axb5 25. cxb5 Nxb5 26. Bxb5 Bxb5 27. Nxb5 Rxb5 28.
Nc4 Rb3 29. Nxd6 Qd7 30. e5 Qxh3 31. Qf6+ 1-0

[Event "Campionatul National de sah pe echipe m"]
[Site "Mamaia-Constanta"]
[Date "2013.09.08"]
[Round "9.4"]
[White "Szabo, Gergely-Andras-Gyul"]
[Black "Rogozenco, Dorian"]
[Result "1/2-1/2"]
[WhiteElo "2550"]
[BlackElo "2515"]
[PlyCount "125"]
[EventDate "2013.08.31"]
[EventRounds "9"]
[WhiteTeam "CLUBUL DE SAH AL MUN. BAIA MARE"]
[BlackTeam "CS STUD. MEDICINA TIMISOARA"]
[WhiteClock "0:00:00"]
[BlackClock "0:00:01"]

1. d4 d5 2. Nf3 Nf6 3. e3 Bf5 4. c4 c6 5. Nc3 e6 6. Nh4 Bg6 7. Be2 Nbd7 8. Qb3
Qc7 9. h3 Be7 10. Nxg6 hxg6 11. Bd2 Nb6 12. cxd5 exd5 13. Qc2 Nbd7 14. O-O-O
Nf8 15. Kb1 Ne6 16. Bd3 a6 17. Ne2 Rc8 18. f3 c5 19. dxc5 Bxc5 20. Nf4 Qd7 21.
Nxe6 Qxe6 22. Qa4+ b5 23. Qb3 O-O 24. Rhe1 Rfe8 25. g4 Rcd8 26. Bc2 Qe5 27. Ba5
Rd7 28. f4 Qd6 29. Rd3 Qc6 30. Red1 Rde7 31. g5 Nh5 32. Qxd5 Qxd5 33. Rxd5 Bxe3
34. f5 gxf5 35. Bxf5 g6 36. Bd7 Rb8 37. Bb4 Re4 38. Bd6 Rb6 39. Bc7 Rb7 40. Bc6
Rxc7 41. Rd8+ Kg7 42. Bxe4 Bxg5 43. R8d7 Rc4 44. Bd5 Rf4 45. Ra7 Rf2 46. Bb3
Ng3 47. Rdd7 Bf6 48. Rxf7+ Kh6 49. Rh7+ Kg5 50. Bd1 Rxb2+ 51. Kc1 Rxa2 52. h4+
Kf4 53. Rhf7 Ra1+ 54. Kc2 Ne4 55. Rae7 Ra2+ 56. Kc1 Ra1+ 57. Kc2 Ra2+ 58. Kc1
Rf2 59. h5 gxh5 60. Bxh5 Kf5 61. Re8 b4 62. Rb8 Rh2 63. Rxb4 1/2-1/2

[Event "Campionatul National de sah pe echipe m"]
[Site "Mamaia-Constanta"]
[Date "2013.09.08"]
[Round "9.5"]
[White "Anton, Teodor"]
[Black "Banusz, Tamas"]
[Result "0-1"]
[WhiteElo "2442"]
[BlackElo "2595"]
[PlyCount "88"]
[EventDate "2013.08.31"]
[EventRounds "9"]
[WhiteTeam "CS STUD. MEDICINA TIMISOARA"]
[BlackTeam "CLUBUL DE SAH AL MUN. BAIA MARE"]
[WhiteClock "0:00:32"]
[BlackClock "0:00:50"]

1. e4 e5 2. Nf3 Nc6 3. d4 exd4 4. Bc4 Nf6 5. e5 d5 6. Bb5 Ne4 7. Nxd4 Bd7 8.
Bxc6 bxc6 9. O-O Bc5 10. f3 Ng5 11. Be3 Bb6 12. Qd2 Ne6 13. a4 a5 14. f4 Nxd4
15. Bxd4 c5 16. Bf2 Bf5 17. Nc3 d4 18. Ne2 Qd5 19. Ra3 Be4 20. Rg3 O-O-O 21. c3
d3 22. c4 Qxc4 23. Nc3 Bf5 24. Rxg7 Rhg8 25. Rg3 Rxg3 26. hxg3 h5 27. Rc1 Qb4
28. Be3 Kb7 29. Re1 c4 30. Bxb6 cxb6 31. Kf1 Bd7 32. f5 Bxa4 33. Qg5 Re8 34.
Nxa4 Qxa4 35. Qxh5 Ka6 36. Qh6 Qc2 37. Qc1 Qxc1 38. Rxc1 Rxe5 39. g4 Kb5 40.
Re1 Rxe1+ 41. Kxe1 Kc5 42. Kd2 Kd4 43. g5 Ke5 44. g4 b5 0-1

[Event "Campionatul National de sah pe echipe m"]
[Site "Mamaia-Constanta"]
[Date "2013.09.08"]
[Round "9.1"]
[White "Pop, Alexandru"]
[Black "Berkes, Ferenc"]
[Result "0-1"]
[WhiteElo "2284"]
[BlackElo "2678"]
[PlyCount "104"]
[EventDate "2013.08.31"]
[EventRounds "9"]
[WhiteTeam "CS OTOPENI"]
[BlackTeam "CS AEM LUXTEN TIMISOARA"]
[WhiteClock "0:01:20"]
[BlackClock "0:00:24"]

1. d4 Nf6 2. c4 e6 3. Nc3 Bb4 4. e3 O-O 5. Nge2 d5 6. a3 Be7 7. cxd5 exd5 8.
Nf4 Re8 9. Bd3 Bd6 10. O-O Bxf4 11. exf4 Nc6 12. Bc2 Ne7 13. f3 Bf5 14. Ba4 Bd7
15. Bc2 Bf5 16. Ba4 Bd7 17. Bb3 h5 18. Be3 Nf5 19. Bf2 Ne3 20. Bxe3 Rxe3 21.
Qd2 Re8 22. Rfe1 Rxe1+ 23. Rxe1 c6 24. Bc2 Qc7 25. Re5 Re8 26. Qe3 Kf8 27. Na4
b6 28. b4 Qc8 29. Bd3 c5 30. Nxc5 bxc5 31. dxc5 Bf5 32. Bb5 Nd7 33. Rxe8+ Qxe8
34. Qd2 Qe6 35. a4 a6 36. Bf1 Qc6 37. Qd4 Bc2 38. a5 Ba4 39. f5 Bb5 40. Bxb5
Qxb5 41. Kf2 Ke8 42. h4 Qc4 43. Qxc4 dxc4 44. Ke3 Ne5 45. Kd4 Kd7 46. f4 Ng4
47. Kxc4 Kc6 48. Kd4 Nf6 49. Ke5 Ng4+ 50. Kd4 f6 51. Ke4 Nh6 52. g3 Ng8 0-1

[Event "Campionatul National de sah pe echipe m"]
[Site "Mamaia-Constanta"]
[Date "2013.09.08"]
[Round "9.2"]
[White "Lupulescu, Constantin"]
[Black "Daianu, Cristian-Clement"]
[Result "1-0"]
[WhiteElo "2634"]
[BlackElo "2233"]
[PlyCount "89"]
[EventDate "2013.08.31"]
[EventRounds "9"]
[WhiteTeam "CS AEM LUXTEN TIMISOARA"]
[BlackTeam "CS OTOPENI"]
[WhiteClock "0:00:34"]
[BlackClock "0:00:12"]

1. Nf3 Nf6 2. c4 g6 3. Nc3 d5 4. cxd5 Nxd5 5. Qb3 Nb6 6. d4 Bg7 7. e4 Bg4 8.
Bb5+ c6 9. Ng5 O-O 10. Be2 Bc8 11. h4 h6 12. Nf3 Bg4 13. Be3 N8d7 14. O-O-O Qc7
15. Qc2 Rac8 16. Kb1 e5 17. Qc1 h5 18. Ng5 Bxe2 19. Nxe2 Nf6 20. f3 Nbd7 21.
Rhg1 b5 22. g4 exd4 23. Nxd4 Ne5 24. gxh5 Nxh5 25. f4 Nc4 26. e5 Qe7 27. Bf2 a6
28. Nb3 c5 29. Nd2 Nxd2+ 30. Qxd2 c4 31. Bd4 b4 32. Qe3 c3 33. Rc1 Qd7 34. Ka1
cxb2+ 35. Bxb2 Qf5 36. Rcf1 Rc4 37. Qh3 Qxh3 38. Nxh3 a5 39. f5 Rxh4 40. Ng5 a4
41. f6 Bh6 42. e6 Bxg5 43. e7 Rf4 44. Rxf4 Bxf4 45. Rd1 1-0

[Event "Campionatul National de sah pe echipe m"]
[Site "Mamaia-Constanta"]
[Date "2013.09.08"]
[Round "9.3"]
[White "Dicu, Razvan-Stefan"]
[Black "Parligras, Mircea-Emilian"]
[Result "0-1"]
[WhiteElo "2228"]
[BlackElo "2560"]
[PlyCount "60"]
[EventDate "2013.08.31"]
[EventRounds "9"]
[WhiteTeam "CS OTOPENI"]
[BlackTeam "CS AEM LUXTEN TIMISOARA"]

1. e4 c6 2. d4 d5 3. exd5 cxd5 4. c4 Nf6 5. Nc3 e6 6. Nf3 Bb4 7. cxd5 Nxd5 8.
Bd2 O-O 9. Bd3 Nc6 10. O-O Be7 11. a3 Bf6 12. Be3 Nxe3 13. fxe3 g6 14. Qe2 b6
15. b4 Bb7 16. Rac1 Rc8 17. Rfd1 Bg7 18. Bb1 Ne7 19. e4 Qd7 20. Ba2 Rfd8 21.
Qe3 Qe8 22. g4 Qd7 23. Qf4 Qc7 24. e5 Qd7 25. Ne4 Nd5 26. Bxd5 Qxd5 27. Rxc8
Rxc8 28. Nfg5 Rc7 29. Qf6 h6 30. Nxe6 fxe6 0-1

[Event "Campionatul National de sah pe echipe m"]
[Site "Mamaia-Constanta"]
[Date "2013.09.08"]
[Round "9.4"]
[White "Nevednichy, Vladislav"]
[Black "Vasile, Claudiu-Daniel"]
[Result "1-0"]
[WhiteElo "2573"]
[BlackElo "2171"]
[PlyCount "87"]
[EventDate "2013.08.31"]
[EventRounds "9"]
[WhiteTeam "CS AEM LUXTEN TIMISOARA"]
[BlackTeam "CS OTOPENI"]
[WhiteClock "0:01:08"]
[BlackClock "0:01:08"]

1. e4 e5 2. Bc4 Nc6 3. Nf3 Bc5 4. d3 Nf6 5. Nc3 d6 6. Bg5 h6 7. Bxf6 Qxf6 8.
Nd5 Qd8 9. c3 a6 10. d4 Ba7 11. dxe5 Nxe5 12. Nxe5 dxe5 13. Qh5 O-O 14. Qxe5
Re8 15. Qf4 Qd6 16. Qxd6 Rxe4+ 17. Ne3 cxd6 18. Bd5 Re7 19. O-O-O Bxe3+ 20.
fxe3 Be6 21. Bf3 Rd8 22. b3 Bf5 23. Rd4 Rxe3 24. Kb2 Re7 25. Kc1 Re3 26. Kb2
Re7 27. Rhd1 Red7 28. a4 Kf8 29. a5 Ke7 30. Bd5 Kf8 31. Rf4 Bg6 32. Rb4 Rb8 33.
Rb6 Re7 34. Rd4 f5 35. Rdb4 Re5 36. Rxd6 Bf7 37. Rxb7 Rxb7 38. Bxb7 Rxa5 39. c4
f4 40. Rxa6 Rxa6 41. Bxa6 g5 42. Kc3 g4 43. Kd4 Bg6 44. Bb7 1-0

[Event "Campionatul National de sah pe echipe m"]
[Site "Mamaia-Constanta"]
[Date "2013.09.08"]
[Round "9.5"]
[White "Nastase, Robert-Paul"]
[Black "Grunberg, Mihai-Lucian"]
[Result "1-0"]
[WhiteElo "2099"]
[BlackElo "2411"]
[PlyCount "79"]
[EventDate "2013.08.31"]
[EventRounds "9"]
[WhiteTeam "CS OTOPENI"]
[BlackTeam "CS AEM LUXTEN TIMISOARA"]
[WhiteClock "0:00:59"]
[BlackClock "0:00:11"]

1. e4 Nf6 2. e5 Nd5 3. d4 d6 4. c4 Nb6 5. f4 dxe5 6. fxe5 c5 7. d5 g6 8. Nc3
Bg7 9. Bf4 O-O 10. Qd2 e6 11. O-O-O exd5 12. cxd5 Re8 13. Bg5 f6 14. exf6 Bxf6
15. Bxf6 Qxf6 16. Bb5 N8d7 17. Nh3 a6 18. Rhf1 Qd4 19. Qxd4 cxd4 20. Bxd7 Bxd7
21. Rxd4 Bxh3 22. gxh3 Rac8 23. d6 Red8 24. Re1 Rc4 25. Rd3 Rc6 26. Re7 Na4 27.
d7 Nc5 28. Re8+ Kg7 29. Rxd8 Nxd3+ 30. Kd2 Rd6 31. Ne4 Rd4 32. Ke3 Ne5 33. Kxd4
Nc6+ 34. Kd5 Nxd8 35. Kd6 Kf7 36. Ng5+ Kf6 37. Nxh7+ Kg7 38. Ng5 Kf6 39. Ne4+
Kf5 40. Nc5 1-0

[Event "Campionatul National de sah pe echipe m"]
[Site "Mamaia-Constanta"]
[Date "2013.09.08"]
[Round "9.6"]
[White "Toma, Radu-Cristian"]
[Black "Stancu, Robert-Alexandru"]
[Result "1-0"]
[WhiteElo "2222"]
[BlackElo "1759"]
[PlyCount "66"]
[EventDate "2013.08.31"]
[EventRounds "9"]
[WhiteTeam "CS AEM LUXTEN TIMISOARA"]
[BlackTeam "CS OTOPENI"]
[WhiteClock "0:01:04"]
[BlackClock "0:00:01"]

1. c4 e5 2. g3 Nc6 3. Bg2 Bc5 4. Nc3 Nf6 5. Nf3 d6 6. O-O Bg4 7. d3 h6 8. Na4
Qe7 9. h3 Bh5 10. Nxc5 dxc5 11. Qb3 Rb8 12. g4 Bg6 13. Nh4 Nd4 14. Qa4+ c6 15.
Qd1 Bh7 16. Nf3 Rd8 17. Nxd4 cxd4 18. Qa4 O-O 19. g5 hxg5 20. Bxg5 b5 21. Qa6
bxc4 22. Qxc4 Rb8 23. b3 c5 24. Rac1 Rfc8 25. b4 Bf5 26. bxc5 Be6 27. Qc2 Rc7
28. c6 Rbc8 29. Qc5 Qxc5 30. Rxc5 Bxa2 31. Rxe5 Ne8 32. Bf4 Be6 33. Ra5 Rxc6
1-0

[Event "Campionatul National de sah pe echipe m"]
[Site "Mamaia-Constanta"]
[Date "2013.09.08"]
[Round "9.1"]
[White "Miron, Lucian-Costin"]
[Black "Timoshenko, Georgy"]
[Result "1/2-1/2"]
[WhiteElo "2532"]
[BlackElo "2518"]
[PlyCount "23"]
[EventDate "2013.08.31"]
[EventRounds "9"]
[WhiteTeam "ACS SAH APA NOVA BUCURESTI"]
[BlackTeam "CS VICTORIA TECHIRGHIOL"]

1. d4 Nf6 2. c4 e6 3. Nc3 Bb4 4. Qc2 d6 5. e3 O-O 6. Bd3 b6 7. Nge2 Bb7 8. O-O
e5 9. f3 Bxc3 10. bxc3 Nbd7 11. e4 h6 12. Ng3 1/2-1/2

[Event "Campionatul National de sah pe echipe m"]
[Site "Mamaia-Constanta"]
[Date "2013.09.08"]
[Round "9.3"]
[White "Georgescu, Tiberiu-Marian"]
[Black "Itkis, Boris"]
[Result "1/2-1/2"]
[WhiteElo "2419"]
[BlackElo "2391"]
[PlyCount "21"]
[EventDate "2013.08.31"]
[EventRounds "9"]
[WhiteTeam "ACS SAH APA NOVA BUCURESTI"]
[BlackTeam "CS VICTORIA TECHIRGHIOL"]

1. c4 e6 2. Nc3 d5 3. d4 Nf6 4. cxd5 Nxd5 5. e4 Nxc3 6. bxc3 c5 7. Nf3 cxd4 8.
cxd4 Bb4+ 9. Bd2 Bxd2+ 10. Qxd2 O-O 11. Bc4 1/2-1/2

[Event "Campionatul National de sah pe echipe m"]
[Site "Mamaia-Constanta"]
[Date "2013.09.08"]
[Round "9.2"]
[White "Baratosi, Daniel"]
[Black "Grigoriants, Sergey"]
[Result "1/2-1/2"]
[WhiteElo "2402"]
[BlackElo "2576"]
[PlyCount "22"]
[EventDate "2013.08.31"]
[EventRounds "9"]
[WhiteTeam "CSU PLOIESTI"]
[BlackTeam "CSM LUGOJ"]
[WhiteClock "0:01:16"]
[BlackClock "0:01:20"]

1. e4 c5 2. c3 d5 3. exd5 Qxd5 4. d4 Nf6 5. Nf3 e6 6. Na3 Qd8 7. Nc2 Nbd7 8.
Be2 Bd6 9. O-O O-O 10. Re1 h6 11. Ne3 b6 1/2-1/2

[Event "Campionatul National de sah pe echipe m"]
[Site "Mamaia-Constanta"]
[Date "2013.09.08"]
[Round "9.3"]
[White "Filip, Lucian"]
[Black "Ionescu, Doru-Alexandru"]
[Result "1/2-1/2"]
[WhiteElo "2453"]
[BlackElo "2330"]
[PlyCount "48"]
[EventDate "2013.08.31"]
[EventRounds "9"]
[WhiteTeam "CSM LUGOJ"]
[BlackTeam "CSU PLOIESTI"]
[WhiteClock "0:00:12"]
[BlackClock "0:00:25"]

1. Nf3 Nf6 2. c4 b6 3. g3 Bb7 4. Bg2 e5 5. O-O Bd6 6. Nc3 O-O 7. Nb5 Qe7 8. d3
Nc6 9. b3 Rfe8 10. Bb2 a6 11. Nxd6 Qxd6 12. Nh4 Rab8 13. Nf5 Qc5 14. e4 Ne7 15.
Ne3 Nc6 16. Nf5 Ne7 17. Ne3 Nc6 18. Nc2 b5 19. Kh1 bxc4 20. dxc4 d6 21. f3 a5
22. Bc1 Nb4 23. Be3 Qc6 24. Na3 Ba6 1/2-1/2

[Event "Campionatul National de sah pe echipe m"]
[Site "Mamaia-Constanta"]
[Date "2013.09.08"]
[Round "9.4"]
[White "Tomescu, Vlad"]
[Black "Balla, Tamas-Kristof"]
[Result "1/2-1/2"]
[WhiteElo "2389"]
[BlackElo "2376"]
[PlyCount "29"]
[EventDate "2013.08.31"]
[EventRounds "9"]
[WhiteTeam "CSU PLOIESTI"]
[BlackTeam "CSM LUGOJ"]
[WhiteClock "0:00:43"]
[BlackClock "0:01:13"]

1. d4 Nf6 2. c4 g6 3. Nc3 Bg7 4. e4 O-O 5. f3 Nc6 6. Be3 e5 7. Nge2 Nh5 8. d5
Na5 9. Ng3 Qh4 10. Bf2 Nxg3 11. Bxg3 Qe7 12. a3 b6 13. Be2 d6 14. b4 Nb7 15.
Qd2 1/2-1/2

[Event "Campionatul National de sah pe echipe m"]
[Site "Mamaia-Constanta"]
[Date "2013.09.08"]
[Round "9.5"]
[White "Manea, Alexandru"]
[Black "Voiteanu, Gabriel"]
[Result "1/2-1/2"]
[WhiteElo "2390"]
[BlackElo "2250"]
[PlyCount "22"]
[EventDate "2013.08.31"]
[EventRounds "9"]
[WhiteTeam "CSM LUGOJ"]
[BlackTeam "CSU PLOIESTI"]
[WhiteClock "0:01:24"]
[BlackClock "0:00:40"]

1. Nf3 Nf6 2. c4 g6 3. Nc3 d5 4. cxd5 Nxd5 5. Qb3 Nb6 6. d4 Bg7 7. e4 O-O 8.
Be3 a5 9. Rd1 a4 10. Qc2 a3 11. b3 Nc6 1/2-1/2

[Event "Campionatul National de sah pe echipe m"]
[Site "Mamaia-Constanta"]
[Date "2013.09.08"]
[Round "9.6"]
[White "Deac, Bogdan-Daniel"]
[Black "Neagu, Mihai-Cosmin"]
[Result "1/2-1/2"]
[WhiteElo "2224"]
[BlackElo "1990"]
[PlyCount "55"]
[EventDate "2013.08.31"]
[EventRounds "9"]
[WhiteTeam "CSU PLOIESTI"]
[BlackTeam "CSM LUGOJ"]
[WhiteClock "0:00:13"]
[BlackClock "0:00:29"]

1. d4 Nf6 2. c4 e6 3. Nf3 b6 4. g3 Bb7 5. Bg2 Be7 6. O-O O-O 7. Nc3 Ne4 8. Qd3
Nxc3 9. Qxc3 f5 10. Bf4 Bf6 11. Qe3 Be4 12. Rad1 Nc6 13. d5 e5 14. Bg5 Bxf3 15.
Bxf6 Qxf6 16. Bxf3 Na5 17. Qc1 e4 18. Bg2 Rae8 19. b4 Nb7 20. a3 a5 21. Qf4 d6
22. Qe3 axb4 23. axb4 Ra8 24. g4 g6 25. gxf5 gxf5 26. Kh1 Rae8 27. Qf4 Qe5 28.
Qg3+ 1/2-1/2